عرض عادي عرض مارك
  • الروضان، عبد عون

مدخل إسم شخص

عدد التسجيلات المستخدمة في: 1

001 - رقم الضبط

  • حقل الضبط: 404

003 - معرف رقم الضبط

  • حقل الضبط: OSt

005 - تاريخ ووقت أخر عملية

  • حقل الضبط: 20110617060248.0

008 - عناصر بيانات ثابتة الطول

  • حقل تحكم ثابت الطول: 110617|||a|||||| | ||| d

040 ## - مصدر الفهرسة

  • هيئة الفهرسة الأصلية: OSt
  • وكالة الكتابة: OSt

100 ## - مدخل -- أسم شخص

  • إسم شخص: الروضان، عبد عون

670 ## - بيانات المصدر موجوده

  • الاستشهاد بالمصدر: Work cat.: (OSt)8296: الروضان، عبد عون, موسوعة تاريخ العرب :, 2009